Представление документа в формате MARC21

Поле Инд. ПП Название Значение
Тип записи a
Библиографический уровень b
001 Контрольный номер RU/IS/BASE/354026497
005 Дата корректировки 20200520075225.9
008 Кодируемые данные 20110321
040 b Код языка каталог. rus
e Правила каталог. PSBO
041 0_ a Код языка текста rus
084 a Индекс другой классификации/Индекс ББК 60.561.32
245 10 a Заглавие Социальное государство и инновационное развитие: обзор научной конференции
520 a Аннотация 21 апреля 2010 г. в г. Москве на социологическом факультете Московского государственного университета им. М. В. Ломоносова состоялась научная конференция "Социальное государство и инновационное развитие", которая балы призвана объединить интеллектуальные силы ученых, занятых исследованиями различных сторон функционирования социального государства, разрабатывающих проблематику роли государства в условиях инновационного развития общества
650 a Основная рубрика политическая социология
a Основная рубрика социология
653 a Ключевые слова демографическая политика
a Ключевые слова инновации
a Ключевые слова инновационная экономика
a Ключевые слова инновационное развитие
a Ключевые слова научные конференции
a Ключевые слова политика
a Ключевые слова политическая элита
a Ключевые слова Россия
a Ключевые слова семейная политика
a Ключевые слова синергетический подход
a Ключевые слова социальная политика
a Ключевые слова социальное государство
a Ключевые слова социально-политическая система
a Ключевые слова социальный порядок
a Ключевые слова социология государства
a Ключевые слова уровень жизни
a Ключевые слова экономика
700 1_ a Автор Деханова Н. Г.
e Роль лиц автор публикации
q Полное имя Деханова Наталья Геннадиевна
700 1_ a Автор Куликова Н. А.
e Роль лиц автор публикации
q Полное имя Куликова Наталья Александровна
773 08 t Заглавие источника Вестник Московского университета. Серия 18, Социология и политология
d Дата издания источника 2010
g Прочая информация № 4. - С. 5 - 17
w Контрольный № источника RU/IS/BASE/349533681
901 t Тип документа b